Normal view
MARC view
Entry Meeting Name
001 - CONTROL NUMBER
- control field: 18904
003 - CONTROL NUMBER IDENTIFIER
- control field: OSt
005 - DATE AND TIME OF LATEST TRANSACTION
- control field: 20211105134336.0
008 - FIXED-LENGTH DATA ELEMENTS
- fixed length control field: 211105|| aca||aabn | a|a d
040 ## - CATALOGING SOURCE
- Original cataloging agency: OSt
- Transcribing agency: OSt
111 ## - HEADING--MEETING NAME
- Meeting name or jurisdiction name as entry element: Workshop on Frontiers of Astronomy
- Location of meeting: China
- Date of meeting or treaty signing: 1992 Oct. 30 - Nov. 6
670 ## - SOURCE DATA FOUND
- Source citation: Work cat.: (OSt): Workshop on Frontiers of Astronomy China 1992 Oct. 30 - Nov. 6, Frontiers of astronomy in 1990s, 1993